Tâm bệnh học
Tìm hiểu những rối nhiễu tâm lý ở trẻ em dựa vào sự phát triển của trẻ, một số bệnh lý thường gặp, các trẻ chậm phát triển tâm thần và đưa ra một số phương pháp điều trị tâm lý.; MN087 Phòng bệnh và đảm bảo an toàn cho trẻ...
Đã lưu trong:
| 主要作者: | |
|---|---|
| 格式: | 图书 |
| 语言: | Undetermined |
| 出版: |
H.
Đại học Quốc gia Hà Nội
2007
|
| 主题: | |
| 在线阅读: | http://lrc.tdmu.edu.vn/opac/search/detail.asp?aID=2&ID=7408 |
| 标签: |
添加标签
没有标签, 成为第一个标记此记录!
|
| Thư viện lưu trữ: | Trung tâm Học liệu Trường Đại học Thủ Dầu Một |
|---|
| LEADER | 01049nam a2200205Ia 4500 | ||
|---|---|---|---|
| 001 | TDMU_7408 | ||
| 008 | 210410s9999 xx 000 0 und d | ||
| 082 | |a 372.2137 | ||
| 090 | |b L103 | ||
| 100 | |a Lại, Kim Thúy | ||
| 245 | 0 | |a Tâm bệnh học | |
| 245 | 0 | |c Lại Kim Thúy | |
| 260 | |a H. | ||
| 260 | |b Đại học Quốc gia Hà Nội | ||
| 260 | |c 2007 | ||
| 300 | |a 121 tr. | ||
| 520 | |a Tìm hiểu những rối nhiễu tâm lý ở trẻ em dựa vào sự phát triển của trẻ, một số bệnh lý thường gặp, các trẻ chậm phát triển tâm thần và đưa ra một số phương pháp điều trị tâm lý.; MN087 Phòng bệnh và đảm bảo an toàn cho trẻ | ||
| 650 | |a Trẻ em |x Rối loạn tâm thần; Tâm lý học bệnh lý trẻ em; Tâm lý liệu pháp trẻ em | ||
| 856 | |u http://lrc.tdmu.edu.vn/opac/search/detail.asp?aID=2&ID=7408 | ||
| 980 | |a Trung tâm Học liệu Trường Đại học Thủ Dầu Một | ||